• 首页
  • 本馆介绍
  • 公告通知
  • 最新文献
  • 馆藏检索
  • 电子资源
  • 读者导购
  • 参考咨询
  • 我的图书馆
  • 登录
  • 详细信息显示
  • 放入我的书架
  • 预约/预借图书
  • 作者相关作品
  • 分类相关作品
  • 丛书相关作品
  • 出版社相关作品

书目信息

  • 表格格式
  • 工作单格式
  • 卡片格式
题名:
英汉文化对比与互译
    
 
作者: 郑野 著
分册:  
出版信息: 北京   中国水利水电出版社  2016
页数: 242页
开本: 24cm
丛书名:
单 册:
中图分类: H31-05 , H315.9
科图分类:
主题词: 英语--ying yu--文化语言学--对比研究--汉语 , 英语--ying yu--翻译--对比研究--汉语
电子资源:
ISBN: 978-7-5170-4781-0
000 01180nam0 22002891 450
001 1760976477
005 20170619171944.0
010    @a978-7-5170-4781-0@dCNY48.00
100    @a20161201d2016 em y0chiy50 ea
101 0  @achi@aeng
102    @aCN@b110000
105    @ay z 000yy
106    @ar
200 1  @a英汉文化对比与互译@9ying han wen hua dui bi yu hu yi@f郑野著
210    @a北京@c中国水利水电出版社@d2016
215    @a242页@d24cm
300    @a河南省教育厅人文社会科学研究项目资助 河南省教育科学“十二五”规划2015年度课题资助
312    @a封面英文题名:Comparison and multual-translation of English and Chinese culture
330    @a本书从文化与翻译的基础理论与知识入手,联系二者的关系,对英汉11种典型文化进行了对比与翻译研究,内容翔实、全面,能够丰富读者对文化的理解,并提高读者的文化翻译能力。
510 1  @aComparison and multual-translation of English and Chinese culture@zeng
606 0  @a英语@9ying yu@x文化语言学@x对比研究@x汉语
606 0  @a英语@9ying yu@x翻译@x对比研究@x汉语
690    @aH31-05@v5
690    @aH315.9@v5
701  0 @a郑野@9zheng ye@c(女,@f1983~)@4著
801  0 @aCN@b百万庄@c20170619
905    @b1013802-4@dH31-05@e1654@f3
    
    英汉文化对比与互译/郑野著 .-北京:中国水利水电出版社,2016
    242页;24cm
    河南省教育厅人文社会科学研究项目资助 河南省教育科学“十二五”规划2015年度课题资助
    
    ISBN 978-7-5170-4781-0:CNY48.00
    本书从文化与翻译的基础理论与知识入手,联系二者的关系,对英汉11种典型文化进行了对比与翻译研究,内容翔实、全面,能够丰富读者对文化的理解,并提高读者的文化翻译能力。
●
相关链接 在E读中查询图书 在五车中查询图书 在当当中查询图书 在豆瓣中查询图书


正题名:英汉文化对比与互译     索取号:H31-05/1654         预约/预借

序号 登录号 条形码 馆藏地/架位号 状态 备注
1 1013802   210138028   第二样本阅览室/ [索取号:H31-05/1654] 在馆    
2 1013803   210138037   第四借阅区/ [索取号:H31-05/1654] 在馆    
3 1013804   210138046   教育系资料室/ [索取号:H31-05/1654] 在馆    
唐山师范学院图书馆 欢迎您!
大连网信软件有限公司© 版权所有